| 000 | 01212nam a22001697a 4500 | ||
|---|---|---|---|
| 008 | 150130b xxu||||| |||| 00| 0 eng d | ||
| 020 | _a139780324598292 | ||
| 050 | _aHF1017.A533 | ||
| 100 | _aAnderson, David R. | ||
| 245 |
_aMordern business statistics: with mocrosoft office Excel. / _cDavid R.Anderson |
||
| 250 | _a3ed. | ||
| 260 |
_aU.S.A: _bSouth-Western Cengage Learning, _c2009. |
||
| 300 |
_axxviii,940p.: _c24cm. |
||
| 500 | _aIncludes index and appendix. | ||
| 505 | _aContents: Data and statistics -- Descriptive statistics: Tabular and graphical presentation -- Descriptive statistics: Numerical measures -- Introduction to probability -- Discrete probability distributions -- Continuous probability distributions -- Sampling and sampling distributions -- Interval estimation -- Hypothesis tests -- Statistical inference about means and proportions with two populations -- Inferences about population variances -- Tests of goodness of fit and independence -- Experimental design and analysis of variance -- Simple linear regression -- Multiple regression -- Regression -- Regression analysis: Model building -- Nonparametric methods -- Statistical methods for quality control. | ||
| 942 |
_2lcc _cBK |
||
| 999 |
_c5332 _d12832 |
||